[Event "Olympiad-42"]
[Site "Baku"]
[Date "2016.09.05"]
[Round "4.1"]
[White "Aderito, Pedro"]
[Black "Munoz Santana, Jose Lisandro"]
[Result "0-1"]
[WhiteElo "2315"]
[BlackElo "2439"]
[PlyCount "132"]
[EventDate "2016.09.02"]
[EventType "team-swiss"]
[EventRounds "11"]
[EventCountry "AZE"]
[SourceTitle "CBM 175"]
[Source "ChessBase"]
[SourceDate "2016.11.10"]
[SourceVersion "1"]
[SourceVersionDate "2016.11.10"]
[SourceQuality "1"]
[WhiteTeam "Angola"]
[BlackTeam "Dominican Republic"]
[WhiteTeamCountry "ANG"]
[BlackTeamCountry "DOM"]

1. Nf3 Nf6 2. c4 e6 3. Nc3 d5 4. d4 dxc4 5. e3 a6 6. a4 c5 7. Bxc4 Nc6 8. 0-0 Be7 9. Qd3 0-0 10. Rd1 Qc7 11. Qe2 b6 12. h3 Bb7 13. Bd2 cxd4 14. exd4 Nb4 15. Ne1 Rac8 16. Bb3 Rfd8 17. Rac1 Qb8 18. Bg5 h6 19. Be3 Nfd5 20. Nxd5 Nxd5 21. Rxc8 Rxc8 22. Nd3 Bf6 23. Qg4 Nxe3 24. fxe3 Qd6 25. Qe2 a5 26. Qf2 Be4 27. Qf4 Qxf4 28. Nxf4 Kf8 29. Ne2 h5 30. Nc3 Bb7 31. Kf2 Ke7 32. Rd2 Bh4+ 33. Kf1 Ba6+ 34. Nb5 Rc1+ 35. Rd1 Rc8 36. Rd3 Rc1+ 37. Rd1 Rc8 38. Rd3 Bg3 39. Rc3 Rb8 40. Bd1 g6 41. Be2 Rc8 42. Rxc8 Bxc8 43. Na7 Bb7 44. Bf3 Bxf3 45. gxf3 Kd7 46. Ke2 g5 47. Nb5 f5 48. e4 Bf4 49. Kf2 Kc6 50. Na7+ Kd7 51. Nb5 Bc1 52. b3 Bd2 53. Kf1 Be3 54. Ke2 Bf4 55. Kf2 Bb8 56. Kg2 Kc6 57. Kf2 fxe4 58. fxe4 e5 59. d5+ Kc5 60. Kf3 Kb4 61. d6 Bxd6 62. Nxd6 Kxb3 63. Nc8 Kxa4 64. Nxb6+ Kb3 65. Nd7 a4 66. Nc5+ Kb4 0-1

[Event "Olympiad-42"]
[Site "Baku"]
[Date "2016.09.04"]
[Round "3.1"]
[White "Ferreira, Jorge Viterbo"]
[Black "Aderito, Pedro"]
[Result "1-0"]
[WhiteElo "2511"]
[BlackElo "2315"]
[PlyCount "143"]
[EventDate "2016.09.02"]
[EventType "team-swiss"]
[EventRounds "11"]
[EventCountry "AZE"]
[SourceTitle "CBM 175"]
[Source "ChessBase"]
[SourceDate "2016.11.10"]
[SourceVersion "1"]
[SourceVersionDate "2016.11.10"]
[SourceQuality "1"]
[WhiteTeam "Portugal"]
[BlackTeam "Angola"]
[WhiteTeamCountry "POR"]
[BlackTeamCountry "ANG"]

1. d4 Nf6 2. c4 g6 3. Nc3 Bg7 4. e4 d6 5. Nf3 0-0 6. Be2 Bg4 7. Be3 Nc6 8. d5 Bxf3 9. Bxf3 Na5 10. Be2 c5 11. 0-0 Nd7 12. Qd2 Re8 13. b3 a6 14. Rab1 b6 15. g3 e6 16. Kg2 exd5 17. exd5 f5 18. Rfe1 Ne5 19. h3 Qc7 20. f4 Nd7 21. Bf3 Nb7 22. Bf2 Nf8 23. g4 Qf7 24. Ne2 Bh6 25. g5 Bg7 26. h4 b5 27. h5 Qc7 28. Rh1 Re7 29. Ng3 Qa5 30. Qc2 Qc3 31. Qxc3 Bxc3 32. Ne2 Bb4 33. Rhc1 Na5 34. Rc2 Nd7 35. Nc1 Be1 36. Bg1 Bb4 37. Nd3 Ba3 38. Bf2 Rb8 39. Re1 Rbe8 40. Re6 bxc4 41. bxc4 Rxe6 42. dxe6 Nb6 43. hxg6 hxg6 44. Bd5 Nxd5 45. cxd5 Rb8 46. Be1 c4 47. Nf2 Rb5 48. Bxa5 Rxa5 49. Rxc4 Bc5 50. a4 Kf8 51. Nd3 Ba3 52. Rd4 Bc5 53. Nxc5 Rxc5 54. Kf2 a5 55. Ke3 Ke8 56. Rd1 Rc4 57. Rh1 Re4+ 58. Kd3 Rxf4 59. Rh8+ Ke7 60. Rh7+ Ke8 61. Rd7 Rxa4 62. Rxd6 Re4 63. Ra6 a4 64. Ra7 Kf8 65. Rf7+ Ke8 66. Rg7 Re1 67. Rxg6 a3 68. Rg8+ Ke7 69. Ra8 Kd6 70. g6 Rg1 71. Ra6+ Ke7 72. Ra7+ 1-0

[Event "Olympiad-42"]
[Site "Baku"]
[Date "2016.09.03"]
[Round "2.1"]
[White "Aderito, Pedro"]
[Black "Mctigue, James"]
[Result "1-0"]
[WhiteElo "2315"]
[BlackElo "2205"]
[PlyCount "74"]
[EventDate "2016.09.02"]
[EventType "team-swiss"]
[EventRounds "11"]
[EventCountry "AZE"]
[SourceTitle "CBM 175"]
[Source "ChessBase"]
[SourceDate "2016.11.10"]
[SourceVersion "1"]
[SourceVersionDate "2016.11.10"]
[SourceQuality "1"]
[WhiteTeam "Angola"]
[BlackTeam "US Virgin Islands"]
[WhiteTeamCountry "ANG"]
[BlackTeamCountry "ISV"]

1. e4 e6 2. d4 d5 3. e5 c5 4. Qg4 cxd4 5. Nf3 Nc6 6. Bd3 Nb4 7. 0-0 Nxd3 8. cxd3 Bd7 9. Nxd4 Rc8 10. Nc3 a6 11. Kh1 h5 12. Qe2 Ne7 13. Bg5 Qb6 14. Be3 Qc7 15. f4 g6 16. Rac1 Qb8 17. Bf2 Nc6 18. Nf3 Be7 19. Bb6 0-0 20. Qe3 Kg7 21. Ne2 Nb4 22. a3 Rxc1 23. Rxc1 Nc6 24. Nc3 f6 25. exf6+ Bxf6 26. d4 Rc8 27. Rf1 Re8 28. Na4 Qd6 29. Bc5 Qc7 30. Rc1 Qd8 31. Nb6 Be7 32. Ng5 Bxg5 33. fxg5 Qc7 34. Rf1 Ne7 35. Nxd7 Qxd7 36. Qe5+ Kg8 37. Qf6 Qd8 1-0

[Event "Africa-ch"]
[Site "Kampala"]
[Date "2016.07.19"]
[Round "4"]
[White "Kayonde, Andrew"]
[Black "Aderito, Pedro"]
[Result "1-0"]
[WhiteElo "2404"]
[BlackElo "2318"]
[PlyCount "46"]
[EventDate "2016.07.17"]
[EventType "swiss"]
[EventRounds "9"]
[EventCountry "UGA"]
[SourceTitle "CBM 173 Extra"]
[Source "ChessBase"]
[SourceDate "2016.08.29"]
[SourceVersion "1"]
[SourceVersionDate "2016.08.29"]
[SourceQuality "1"]

1. d4 Nf6 2. c4 g6 3. Nc3 Bg7 4. e4 d6 5. f4 0-0 6. Nf3 c5 7. d5 b5 8. cxb5 a6 9. a4 axb5 10. Bxb5 Ba6 11. Rb1 Bxb5 12. axb5 Qa5 13. 0-0 Ne8 14. Bd2 Qb4 15. Ra1 Rxa1 16. Qxa1 Nc7 17. Qa7 Nxb5 18. Nxb5 Qxb5 19. Qxe7 Re8 20. Qxd6 Rxe4 21. Ne5 Qe8 22. Bc3 f6 23. Ra1 Bf8 1-0

[Event "Africa-ch"]
[Site "Kampala"]
[Date "2016.07.17"]
[Round "1"]
[White "Aderito, Pedro"]
[Black "Anquandah, Francis Eric"]
[Result "1-0"]
[WhiteElo "2318"]
[BlackElo "2019"]
[PlyCount "59"]
[EventDate "2016.07.17"]
[EventType "swiss"]
[EventRounds "9"]
[EventCountry "UGA"]
[SourceTitle "CBM 173 Extra"]
[Source "ChessBase"]
[SourceDate "2016.08.29"]
[SourceVersion "1"]
[SourceVersionDate "2016.08.29"]
[SourceQuality "1"]

1. e4 d5 2. exd5 Qxd5 3. Nc3 Qa5 4. Nf3 c6 5. d4 Bf5 6. Ne5 Nd7 7. Qf3 e6 8. Nxd7 Kxd7 9. Bd2 Qc7 10. 0-0-0 Nf6 11. h3 Rd8 12. g4 Bg6 13. h4 h5 14. g5 Nd5 15. Bd3 f5 16. gxf6 Bxd3 17. Qxd3 gxf6 18. Ne4 Ke8 19. c4 Nf4 20. Qf3 Bh6 21. Be3 e5 22. Kb1 Qf7 23. dxe5 fxe5 24. Nd6+ Rxd6 25. Rxd6 Qf5+ 26. Ka1 e4 27. Qd1 Nd3 28. Bxh6 Qe5 29. Rxd3 exd3 30. Be3 1-0

[Event "Sitges Sunway op-A 2nd"]
[Site "Sitges"]
[Date "2015.12.19"]
[Round "8"]
[White "Kurmann, Oliver"]
[Black "Aderito, Pedro"]
[Result "1-0"]
[WhiteElo "2435"]
[BlackElo "2201"]
[PlyCount "81"]
[EventDate "2015.12.13"]
[EventType "swiss"]
[EventRounds "9"]
[EventCountry "ESP"]
[SourceTitle "EXT 2017"]
[Source "ChessBase"]
[SourceDate "2016.10.25"]
[SourceVersion "1"]
[SourceVersionDate "2016.10.25"]
[SourceQuality "1"]

1. e4 d6 2. d4 g6 3. Nc3 Bg7 4. Be3 c6 5. h3 b5 6. Nf3 b4 7. Ne2 Nf6 8. Ng3 Qc7 9. Qd2 a5 10. Bd3 Nbd7 11. 0-0 c5 12. c3 bxc3 13. bxc3 0-0 14. Bh6 e5 15. d5 c4 16. Bc2 Nc5 17. Nh4 Qd8 18. Bxg7 Kxg7 19. Qg5 Ng8 20. Nhf5+ Kh8 21. Qxd8 Rxd8 22. Ne3 Ba6 23. Rfb1 Ne7 24. Ngf1 f5 25. exf5 gxf5 26. Bxf5 Na4 27. Rc1 Rab8 28. Nd2 Rb2 29. Ne4 Re2 30. Be6 Nb6 31. Kf1 Rxe3 32. fxe3 Nbxd5 33. Bxd5 Nxd5 34. Ke2 Nb6 35. Rd1 Na4 36. Rxd6 Nxc3+ 37. Ke1 Rxd6 38. Nxd6 Nd5 39. Kd2 h5 40. e4 c3+ 41. Kc2 1-0

[Event "Sitges Sunway op-A 2nd"]
[Site "Sitges"]
[Date "2015.12.17"]
[Round "6"]
[White "Cruz Estrada, Filemon"]
[Black "Aderito, Pedro"]
[Result "1/2-1/2"]
[WhiteElo "2415"]
[BlackElo "2201"]
[PlyCount "33"]
[EventDate "2015.12.13"]
[EventType "swiss"]
[EventRounds "9"]
[EventCountry "ESP"]
[SourceTitle "EXT 2017"]
[Source "ChessBase"]
[SourceDate "2016.10.25"]
[SourceVersion "1"]
[SourceVersionDate "2016.10.25"]
[SourceQuality "1"]

1. c4 Nf6 2. Nc3 g6 3. g3 Bg7 4. Bg2 a6 5. d3 d6 6. e3 0-0 7. Nge2 c6 8. 0-0 Re8 9. Rb1 d5 10. Qb3 dxc4 11. dxc4 Nbd7 12. Qc2 Qc7 13. b3 h5 14. e4 e5 15. Bg5 Nf8 16. Rbd1 Ne6 17. Bc1 1/2-1/2

[Event "Sitges Sunway op-A 2nd"]
[Site "Sitges"]
[Date "2015.12.13"]
[Round "1"]
[White "Aderito, Pedro"]
[Black "Maze, Sebastien"]
[Result "0-1"]
[WhiteElo "2201"]
[BlackElo "2582"]
[PlyCount "111"]
[EventDate "2015.12.13"]
[EventType "swiss"]
[EventRounds "9"]
[EventCountry "ESP"]
[SourceTitle "EXT 2017"]
[Source "ChessBase"]
[SourceDate "2016.10.25"]
[SourceVersion "1"]
[SourceVersionDate "2016.10.25"]
[SourceQuality "1"]

1. Nf3 Nf6 2. g3 g6 3. Bg2 Bg7 4. 0-0 0-0 5. d4 d6 6. c4 Nbd7 7. Nc3 c6 8. d5 Qb6 9. h3 Nc5 10. Nd2 Bd7 11. Rb1 cxd5 12. cxd5 Rfc8 13. Re1 a5 14. Nf1 Qa6 15. Bg5 b5 16. Nd2 b4 17. Bxf6 Bxf6 18. Nce4 Bg7 19. Nxc5 Rxc5 20. Ne4 Rc7 21. a3 Rac8 22. axb4 axb4 23. Qb3 Qc4 24. Qf3 h6 25. b3 Qc2 26. g4 Qa2 27. Qe3 Rc2 28. Ng3 Kf8 29. Qb6 Qa3 30. Ne4 Be8 31. h4 Bd7 32. Bf3 Qa8 33. Red1 Qb8 34. Qe3 R8c7 35. h5 g5 36. Ng3 R7c3 37. Qe4 Qb6 38. Kg2 Ra2 39. Nf5 Bxf5 40. Qxf5 Ra3 41. Rd3 Qc7 42. Be4 Qc8 43. Qf3 Bf6 44. Bf5 Qc5 45. Be4 Ra2 46. Bf5 Rcc2 47. Re3 Rc3 48. Rd3 Qa7 49. Qe4 Qa3 50. Rf3 Rd2 51. Bd7 Qa2 52. Bb5 Rd4 53. Qf5 Rxf3 54. exf3 Rd2 55. Rf1 Bd4 56. Qh7 0-1

[Event "Capablanca Memorial op-A 48th"]
[Site "Havana"]
[Date "2013.05.01"]
[Round "10"]
[White "Aderito, Pedro"]
[Black "Vitier Vazquez, Cristian"]
[Result "1/2-1/2"]
[WhiteElo "2333"]
[BlackElo "2260"]
[PlyCount "28"]
[EventDate "2013.04.21"]
[EventType "swiss"]
[EventRounds "10"]
[EventCountry "CUB"]
[SourceTitle "CBM 154 Extra"]
[Source "ChessBase"]
[SourceDate "2013.06.25"]
[SourceVersion "2"]
[SourceVersionDate "2013.06.25"]
[SourceQuality "1"]

1. Nf3 Nf6 2. d4 e6 3. c4 Bb4+ 4. Bd2 a5 5. Qc2 Nc6 6. g3 0-0 7. Bg2 d6 8. 0-0 Bxd2 9. Nbxd2 e5 10. e3 Re8 11. Rfe1 Bg4 12. d5 Nb4 13. Qb3 b6 14. a3 Na6 1/2-1/2

[Event "Capablanca Memorial op-A 48th"]
[Site "Havana"]
[Date "2013.04.30"]
[Round "9"]
[White "Franco Alonso, Alejandro"]
[Black "Aderito, Pedro"]
[Result "1-0"]
[WhiteElo "2504"]
[BlackElo "2333"]
[PlyCount "79"]
[EventDate "2013.04.21"]
[EventType "swiss"]
[EventRounds "10"]
[EventCountry "CUB"]
[SourceTitle "CBM 154 Extra"]
[Source "ChessBase"]
[SourceDate "2013.06.25"]
[SourceVersion "2"]
[SourceVersionDate "2013.06.25"]
[SourceQuality "1"]

1. d4 Nf6 2. c4 g6 3. Nc3 Bg7 4. e4 d6 5. h3 c5 6. d5 b5 7. cxb5 a6 8. a3 Nbd7 9. Nf3 0-0 10. Be2 Qa5 11. 0-0 axb5 12. Bxb5 Ba6 13. Bd2 Rfb8 14. Re1 Bxb5 15. Nxb5 Qd8 16. Bc3 Nb6 17. b3 Nc8 18. Rb1 Ne8 19. Bxg7 Kxg7 20. b4 cxb4 21. Nfd4 Rb6 22. Nc6 Qd7 23. Rxb4 Nf6 24. Qb3 Rxc6 25. dxc6 Qxc6 26. Nc3 Nd7 27. Rb1 Na7 28. Nd5 Nc8 29. Qb2+ f6 30. Ra1 Nc5 31. Qc3 Ra6 32. a4 Kf7 33. f3 Ke6 34. Kh1 Kf7 35. Rb2 Ra7 36. Qc4 e6 37. Nf4 Ne7 38. Nd3 Nd7 39. Qd4 Qc7 40. a5 1-0

[Event "Capablanca Memorial op-A 48th"]
[Site "Havana"]
[Date "2013.04.27"]
[Round "6"]
[White "Aderito, Pedro"]
[Black "Aucay Pelaez, Mauro"]
[Result "1/2-1/2"]
[WhiteElo "2333"]
[BlackElo "2240"]
[PlyCount "71"]
[EventDate "2013.04.21"]
[EventType "swiss"]
[EventRounds "10"]
[EventCountry "CUB"]
[SourceTitle "CBM 154 Extra"]
[Source "ChessBase"]
[SourceDate "2013.06.25"]
[SourceVersion "2"]
[SourceVersionDate "2013.06.25"]
[SourceQuality "1"]

1. e4 c6 2. d4 d5 3. Nc3 b5 4. exd5 b4 5. Nce2 cxd5 6. a3 bxa3 7. Rxa3 Nf6 8. Ra2 e6 9. Nf3 Be7 10. Ng3 0-0 11. Bd3 Qb6 12. 0-0 Ba6 13. Bf4 Bxd3 14. Qxd3 Rc8 15. Rfa1 a5 16. c3 Nbd7 17. h3 Qb7 18. Nd2 a4 19. Ne2 Qc6 20. g4 Nb6 21. f3 Ne8 22. Kf2 Nd6 23. Bxd6 Bxd6 24. b3 axb3 25. Rxa8 Rxa8 26. Rxa8+ Nxa8 27. Nxb3 Nc7 28. Nd2 Be7 29. f4 h6 30. Nf3 Ne8 31. Ne5 Qb7 32. f5 exf5 33. Qxf5 Nd6 34. Qd7 Ne4+ 35. Kf3 Ng5+ 36. Ke3 1/2-1/2

[Event "Africa-ch"]
[Site "Maputo"]
[Date "2011.06.08"]
[Round "5"]
[White "Seraoui, Mohcen"]
[Black "Aderito, Pedro"]
[Result "1/2-1/2"]
[WhiteElo "2099"]
[BlackElo "2339"]
[PlyCount "116"]
[EventDate "2011.06.04"]
[EventType "swiss"]
[EventRounds "9"]
[EventCountry "MOZ"]
[SourceTitle "CBM 142 Extra"]
[Source "ChessBase"]
[SourceDate "2011.06.27"]
[SourceVersion "1"]
[SourceVersionDate "2011.06.27"]
[SourceQuality "1"]

1. e4 c5 2. Nf3 Nc6 3. d4 cxd4 4. Nxd4 e5 5. Nb5 d6 6. c4 a6 7. N5c3 Be6 8. Na3 Be7 9. Be3 Nf6 10. Be2 Rc8 11. 0-0 0-0 12. Rc1 Kh8 13. Kh1 Ng8 14. Nd5 Bg5 15. Qd2 Bxe3 16. Nxe3 Qh4 17. f3 Nge7 18. Bd3 Qh6 19. Rfd1 g6 20. Bb1 Rfd8 21. Nd5 Qxd2 22. Rxd2 Bxd5 23. exd5 Nd4 24. Re1 Rd7 25. b3 Kg7 26. Kg1 b5 27. cxb5 axb5 28. Bd3 Rc5 29. b4 Rxd5 30. Red1 Ra7 31. Nb1 Rc7 32. Na3 Ra7 33. Nb1 Rc7 34. Na3 f5 35. Bf1 Rc3 36. Nxb5 Rxb5 37. Rxd4 exd4 38. Bxb5 Nd5 39. Rxd4 Rc1+ 40. Kf2 Rc2+ 41. Kg1 Rc1+ 42. Kf2 Rc2+ 43. Kg1 Rc1+ 44. Kf2 Rc2+ 45. Ke1 Ne3 46. Rd2 Nxg2+ 47. Kd1 Ne3+ 48. Ke2 f4 49. Rxc2 Nxc2 50. a4 Nxb4 51. a5 Kf6 52. a6 Nd5 53. a7 Nc7 54. Bc6 Kg5 55. a8Q Nxa8 56. Bxa8 Kh4 57. Kf2 g5 58. Bd5 h5 1/2-1/2

[Event "Luanda op"]
[Site "Luanda"]
[Date "2011.05.20"]
[Round "4"]
[White "Aderito, Pedro"]
[Black "Pascoal, Eduardo A"]
[Result "1-0"]
[WhiteElo "2339"]
[BlackElo "2210"]
[PlyCount "109"]
[EventDate "2011.05.17"]
[EventType "swiss"]
[EventRounds "9"]
[EventCountry "ANG"]
[SourceTitle "EXT 2012"]
[Source "ChessBase"]
[SourceDate "2011.11.24"]
[SourceVersion "1"]
[SourceVersionDate "2011.11.24"]
[SourceQuality "1"]

1. d4 Nf6 2. c4 e6 3. Nc3 Bb4 4. e3 0-0 5. Bd3 d5 6. cxd5 exd5 7. Nge2 c6 8. Qc2 Re8 9. Bd2 Nbd7 10. f3 Nf8 11. a3 Ba5 12. g4 Bxg4 13. fxg4 Nxg4 14. 0-0-0 Nf2 15. Kb1 Nxh1 16. Rxh1 Qh4 17. Ng3 g6 18. e4 Bb6 19. exd5 Bxd4 20. Nce4 cxd5 21. Bg5 Qg4 22. Nf6+ Bxf6 23. Bxf6 Nd7 24. Bc3 d4 25. Bb4 a5 26. Bd2 Rab8 27. Qd1 Qxd1+ 28. Rxd1 Ne5 29. Bb5 Nc6 30. Ne2 Rbd8 31. Nf4 Re5 32. a4 Nb4 33. Bc4 d3 34. b3 Re4 35. Bxb4 axb4 36. Rxd3 Rxd3 37. Nxd3 Rh4 38. Nc5 b6 39. Nd7 Rxh2 40. Nxb6 g5 41. a5 Rh1+ 42. Kc2 Rh2+ 43. Kc1 Rh1+ 44. Kd2 Rh6 45. Nd5 Rh2+ 46. Be2 Rh6 47. Nxb4 Rd6+ 48. Ke3 f5 49. a6 Rd8 50. Bf3 f4+ 51. Kf2 g4 52. Bd5+ Kg7 53. a7 Kf6 54. Na6 f3 55. Nb8 1-0

[Event "Luanda op"]
[Site "Luanda"]
[Date "2011.05.17"]
[Round "1"]
[White "Cambando, Jose"]
[Black "Aderito, Pedro"]
[Result "0-1"]
[WhiteElo "2015"]
[BlackElo "2339"]
[PlyCount "58"]
[EventDate "2011.05.17"]
[EventType "swiss"]
[EventRounds "9"]
[EventCountry "ANG"]
[SourceTitle "EXT 2012"]
[Source "ChessBase"]
[SourceDate "2011.11.24"]
[SourceVersion "1"]
[SourceVersionDate "2011.11.24"]
[SourceQuality "1"]

1. e4 c5 2. Nf3 d6 3. d4 cxd4 4. Nxd4 Nf6 5. Nc3 g6 6. Be2 Bg7 7. 0-0 0-0 8. Kh1 Nc6 9. Be3 Bd7 10. f4 Nxd4 11. Bxd4 Bc6 12. Bf3 Qa5 13. a3 a6 14. Nd5 Bxd5 15. exd5 Nd7 16. Bxg7 Kxg7 17. Qd4+ Kg8 18. b4 Qb6 19. Qe4 Rfe8 20. c4 a5 21. Rab1 axb4 22. axb4 Ra4 23. f5 Rxb4 24. fxg6 hxg6 25. Rfd1 Ne5 26. Be2 Kg7 27. Qf4 f6 28. Bd3 Rh8 29. g4 Rb2 0-1

[Event "Barcelona Sant Marti op 12th"]
[Site "Barcelona"]
[Date "2010.07.21"]
[Round "9"]
[White "Mihailovs, Jurijs"]
[Black "Aderito, Pedro"]
[Result "1-0"]
[WhiteElo "2405"]
[BlackElo "2333"]
[PlyCount "39"]
[EventDate "2010.07.13"]
[EventType "swiss"]
[EventRounds "9"]
[EventCountry "ESP"]
[SourceTitle "CBM 137 Extra"]
[Source "ChessBase"]
[SourceDate "2010.09.01"]
[SourceVersion "1"]
[SourceVersionDate "2010.09.01"]
[SourceQuality "1"]

1. d4 d5 2. c4 c6 3. Nc3 Nf6 4. e3 e6 5. Qc2 Nbd7 6. Bd2 b6 7. cxd5 exd5 8. Bd3 Bb7 9. Nge2 a6 10. e4 dxe4 11. Nxe4 Be7 12. N2g3 0-0 13. Ng5 h6 14. h4 c5 15. d5 c4 16. Bh7+ Kh8 17. Bc3 Bd6 18. Bf5 Be5 19. 0-0-0 Bxd5 20. Bxe5 1-0